000 00464nam a2200181Ia 4500
001 19951
005 20260306172730.0
008 260306t2018||||xx |||||||||||||| ||spa||
041 _aESP
082 _a341.7
_bS718
100 _aSaucier Calderón, Jean-Paul
_eAUT
245 0 _aViajes y fronteras de la enseñanza del derecho comparado
260 _c2018
300 _a241 páginas :
_c24 cm.
650 _aGEN
654 _aCDE
942 _cLIB
_dJUS
_fJUS
_2ddc
_n
999 _c19951
_d19951